| 000 | 01403nam a2200289 a 4500 | ||
|---|---|---|---|
| 001 | 64192 | ||
| 003 | BD-RjUL | ||
| 005 | 20211209081259.0 | ||
| 008 | 170126s1963 pk s o00| 0 eng | ||
| 020 | _c: PRs.3.50 | ||
| 035 | _a(BD-RjUL)64322 | ||
| 040 |
_aDLC _cDLC _dDLC _dBD-RjUL _beng |
||
| 041 | _aeng | ||
| 082 |
_a304.609549021 _223 _bJHA 1963 (DCR) |
||
| 110 |
_aPakistan. _bMinistry of Home and Kashmir Affairs (Home Affairs Division). _9186432 |
||
| 245 | 1 | 0 |
_aPopulation census of Pakistan, 1961 : _bDistrict census report, Jhang. Parts I-V : General description, general tables, housing tables, population tables, and village statistics. / _cPakistan. Ministry of Home and Kashmir Affairs (Home Affairs Division) ; Census organization (Pakistan) ; A. Rashid, [comp.] |
| 246 |
_aDistrict census report, Jhang _bParts I-V : General description, general tables, housing tables, population tables, and village statistics. |
||
| 260 |
_aKarachi : _bManager of publications, _c[1963]. |
||
| 300 |
_avarious pagings : _bIll. ; _c25 cm. |
||
| 490 |
_acensus, 61 ; _vNo. 121 |
||
| 651 |
_aPakistan (West Pakistan) _zJhang _vCensus, 1961 _9190623 |
||
| 651 |
_aPakistan (West Pakistan) _zJhang _xPopulation _vStatistics _y1961 _9190624 |
||
| 700 |
_aRashid, A. , [comp.] _9186708 |
||
| 710 |
_aCensus organization (Pakistan) _9186435 |
||
| 830 |
_acensus, 61 ; _vNo. 121 _9190630 |
||
| 942 |
_2ddc _cRAR |
||
| 999 |
_c64192 _d64192 |
||